00281nam a2200109Ia 4500008004100000041001200041082001100053100002000064245006300084260001600147650000800163221030s9999 xx 000 0 und d aEnglish a105.23 aRohit Sharma/11 0aRADIO COMMUNICATION TECHNIQUES BEING USED BY RADIO KASHMIR aJammuc2001 aECE